| 000 | 00557nam 22001933 4500 | ||
|---|---|---|---|
| 001 | 201243 | ||
| 090 | _a201243 | ||
| 100 | _a20260312d u||y0pory50 ba | ||
| 200 |
_aDirecção Cairo _fHugo Pratt _gtradução de Carlos Pessoa |
||
| 210 |
_aLisboa _cEdições 70 _dimp. 1984 |
||
| 215 |
_a70 p. _cil. ; brochado _d29 cm |
||
| 225 |
_aOs Escorpiões do Deserto _h2 |
||
| 606 |
_91586 _aDesenho Artístico |
||
| 610 | _aBanda Desenhada | ||
| 675 |
_a74 _vPT _zpor |
||
| 700 |
_916585 _aPratt _bHugo _f1927-1995 |
||
| 801 |
_aPT _bBMMN _gRPC |
||
| 830 | _cIsabel | ||
| 990 | _cLIVROS | ||